Aprender a crear su primera web con 100 ejercicios prácticos (Registro nro. 824)
[ vista simple ]
| 000 -CABECERA | |
|---|---|
| campo de control de longitud fija | 00817aam a2200325 4500 |
| 005 - FECHA Y HORA DE ACTUALIZACIÓN | |
| campo de control | 20230613180723.0 |
| 008 - LONGITUD FIJA | |
| campo de control de longitud fija | 150909b2013 xxu||||| |||| 00| 0 spa d |
| 041 ## - IDIOMA | |
| Código de idioma del texto/pista de sonido o título separado | Español |
| 082 ## - CLASIFICACIÓN DECIMAL DEWEY | |
| Número de clasificación | 658 S881a3 |
| 245 ## - TÍTULO PROPIAMENTE DICHO | |
| Título | Aprender a crear su primera web con 100 ejercicios prácticos |
| 250 ## - EDICIÓN | |
| Mención de edición | 3 edición |
| 260 ## - PIE DE IMPRENTA | |
| Lugar de publicación, distribución, etc. | México |
| 260 ## - PIE DE IMPRENTA | |
| Nombre del editor, distribuidor, etc. | Alfaomega |
| 260 ## - PIE DE IMPRENTA | |
| Fecha de publicación, distribución, etc. | 2013 |
| 300 ## - DESCRIPCIÓN FÍSICA | |
| Extensión | 216 páginas |
| 650 ## - Materia General | |
| Materia general | WEB |
| 650 ## - Materia General | |
| Materia general | RECURSOS WEB 2.0 |
| 650 ## - Materia General | |
| Materia general | BLOG |
| 650 ## - Materia General | |
| Materia general | BLOGGER |
| 650 ## - Materia General | |
| Materia general | PÁGINA WEB |
| 650 ## - Materia General | |
| Materia general | YOUTUBE |
| 650 ## - Materia General | |
| Materia general | WORDPRESS |
| 650 ## - Materia General | |
| Materia general | FLICKR |
| 650 ## - Materia General | |
| Materia general | VIMEO |
| 650 ## - Materia General | |
| Materia general | |
| 650 ## - Materia General | |
| Materia general | |
| 650 ## - Materia General | |
| Materia general | |
| 650 ## - Materia General | |
| Materia general | |
| 942 ## - Punto de Acceso Adicional Koha | |
| Tipo de ítem Koha | Libro |
| Estado perdido | Estado dañado | No para préstamo | Biblioteca permanente | Biblioteca actual | Signatura completa | Código de barras | Tipo de ítem |
|---|---|---|---|---|---|---|---|
| Departamento de Biblioteca y Documentación Alfonso Chase Brenes | Departamento de Biblioteca y Documentación Alfonso Chase Brenes | 658 S881a3 | 17985 | Libro |